| 000 | 00647nam a22001817a 4500 | ||
|---|---|---|---|
| 005 | 20251108170140.0 | ||
| 008 | 250721s1999 xx 000 0 ara d | ||
| 082 | 1 | 4 | _a216.7/محم |
| 100 | 1 | _aمحمد بن عبد الوهاب، محمد بن عبد الوهاب بن سليمان | |
| 245 | 1 | 0 | _aالتبيان شرح نواقض الإسلام / |
| 264 | 1 |
_aعمان : _bدار البيارق للنشر و التوزيع، _c1999. |
|
| 300 | _a80ص | ||
| 650 | 1 | 7 | _aالإسلام |
| 650 | 1 | 7 | _aالكبائر |
| 700 | 1 |
_aالعلوان، سليمان بن ناصر بن عبد الله _eتحقيق |
|
| 942 |
_2ddc _cBK |
||
| 999 |
_c40924 _d40924 |
||